Statistics for WWE - Stephanie McMahon's PPV Opponents

Click here to take the quiz!

General Stats

  • This quiz has been taken 414 times
  • The average score is 5 of 6

Answer Stats

YearEventMatch TypeOpponent% Correct
2018WrestleMania 34Mixed Tag Team MatchRonda Rousey
98%
2018WrestleMania 34Mixed Tag Team MatchKurt Angle
94%
2014SummerSlamBrie Bella
92%
2001No Way OutTrish Stratus
91%
2003No MercyIntergender "I Quit" MatchVince McMahon
91%
2003VengeanceSable
66%

Score Distribution

Percentile by Number Answered

Percent of People with Each Score

Your Score History

You have not taken this quiz